000 00537nam a22001577a 4500
999 _c534518
_d534518
020 _qHard Cover.
082 _a620.11
100 _aMuhammad Asif.
245 _aDoping / Functionalization and Characterization of Mono and Few layer Graphene /
_cMuhammad Asif.
260 _aIslamabad :
_bSCME - NUST,
_c2012.
300 _axiv, 61 p. : ill. ;
_c30cm.
942 _2ddc
_cTHE
650 _aEngergetic Materials Engineering - MS Thesis
_928706
700 _aDr. Habib Nasir.
_916070